UM Logo

Attitudes of the residents towards sanitary practices and their economic status/ (Record no. 2026)

MARC details
000 -LEADER
fixed length control field 00588nam a22001577a 4500
008 - FIXED-LENGTH DATA ELEMENTS--GENERAL INFORMATION
fixed length control field 160427b xxu||||| |||| 00| 0 eng d
082 ## - DEWEY DECIMAL CLASSIFICATION NUMBER
Edition number 2008
Classification number UT 0104
Item number Sa46
100 ## - MAIN ENTRY--PERSONAL NAME
9 (RLIN) 6533
Personal name Samoranos, Ron Jay T.
245 ## - TITLE STATEMENT
Title Attitudes of the residents towards sanitary practices and their economic status/
Statement of responsibility, etc. Ron Jay T. Samoranos, Joverizza M. Brabat and Carmi Joy A. Uy.
260 ## - PUBLICATION, DISTRIBUTION, ETC. (IMPRINT)
Place of publication, distribution, etc. Digos City:
Name of publisher, distributor, etc. UMDC
Date of publication, distribution, etc. August 2008.
300 ## - PHYSICAL DESCRIPTION
Extent 43 pages;
Dimensions 28 cm.
650 #0 - SUBJECT ADDED ENTRY--TOPICAL TERM
9 (RLIN) 6532
Topical term or geographic name as entry element Nursing
General subdivision Undergraduate thesis.
700 ## - ADDED ENTRY--PERSONAL NAME
9 (RLIN) 6530
Personal name Brabat, Joverizza M.
700 ## - ADDED ENTRY--PERSONAL NAME
9 (RLIN) 6531
Personal name Uy, Carmi Joy A.
942 ## - ADDED ENTRY ELEMENTS (KOHA)
Source of classification or shelving scheme Dewey Decimal Classification
Koha item type Undergraduate Thesis
Holdings
Withdrawn status Lost status Source of classification or shelving scheme Damaged status Not for loan Collection code Home library Current library Date acquired Total Checkouts Full call number Barcode Date last seen Price effective from Koha item type
    Dewey Decimal Classification     Undergraduate Theses UM Digos College - LIC UM Digos College - LIC 04/27/2016   UT 0104 Sa46 2008 UT0104 04/27/2016 04/27/2016 Undergraduate Thesis